000 00454nam a22001817a 4500
003 CEME
005 20210628204109.0
008 210112b xxu||||| |||| 00| 0 eng d
020 _a9788132206050
040 _cceme
082 _a006.74 MEY
100 _aMeyer, Jeanine
_968720
245 _aHtml5 and java script projects
260 _aDELHI
_bAPRESS
_c2011
300 _aXV, 432P
650 _aJAVA SCRIPT PROJECTS.HTML5
_968721
942 _cBK
_2ddc
999 _c576206
_d576206